| 000 | 00427nam a2200193Ia 4500 | ||
|---|---|---|---|
| 005 | 20250423101626.0 | ||
| 008 | 250422s9999 xx 000 0 und d | ||
| 020 | _a9788131729571 | ||
| 050 | _aQD 31.2 .M33/ | ||
| 100 | _aMahan, Bruce H. | ||
| 245 | 0 | _aUniversity chemistry | |
| 250 | _a4th ed. | ||
| 260 | _aIndia | ||
| 260 | _bPearson | ||
| 260 | _cc1987 | ||
| 300 | _a1076 p | ||
| 650 | _aChemistry. | ||
| 942 | _cBK | ||
| 999 |
_c36790 _d36790 |
||